Soft computing in the design and manufacturing of composite materials: applications in brake friction and thermoset matrix composites (Record no. 57822)

MARC details
000 -LEADER
fixed length control field 00809nam a2200181 a 4500
008 - FIXED-LENGTH DATA ELEMENTS--GENERAL INFORMATION
fixed length control field 160609s2015 ||||||||||||||||| || u
020 ## - INTERNATIONAL STANDARD BOOK NUMBER
International Standard Book Number 9781782421795
050 ## - LIBRARY OF CONGRESS CALL NUMBER
Classification number TA 418.9.C6 Ale
100 ## - MAIN ENTRY--PERSONAL NAME
Personal name Aleksendric, Dragan
245 10 - TITLE STATEMENT
Title Soft computing in the design and manufacturing of composite materials: applications in brake friction and thermoset matrix composites
Statement of responsibility, etc. By Dragan Aleksendric and Pierpaolo Carlone
260 ## - PUBLICATION, DISTRIBUTION, ETC.
Place of publication, distribution, etc. Amsterdam
Name of publisher, distributor, etc. Elsevier
Date of publication, distribution, etc. 2015
300 ## - PHYSICAL DESCRIPTION
Extent xxiii, 293p.: ill.
350 ## - PRICE (NR) (BK AM CF MU VM SE) [OBSOLETE]
Price 210.00
490 ## - SERIES STATEMENT
Series statement Woodhead publishing series in materials
650 ## - SUBJECT ADDED ENTRY--TOPICAL TERM
Topical term or geographic name entry element TECHNOLOGY AND ENGINEERING
650 #0 - SUBJECT ADDED ENTRY--TOPICAL TERM
Topical term or geographic name entry element COMPOSITE MATERIALS
995 ## - RECOMMENDATION 995 [LOCAL, UNIMARC FRANCE]
-- CBU-MAIN LIBRARY (Kitwe)
-- 210.00
-- 1
-- AVAILABLE
-- Jun 29, 2016
-- Main Library Open Access Collection
Holdings
Withdrawn status Lost status Source of classification or shelving scheme Damaged status Not for loan Home library Current library Shelving location Date acquired Total Checkouts Full call number Barcode Date last seen Price effective from Koha item type
          CBU-MAIN LIBRARY, KITWE. CBU-MAIN LIBRARY, KITWE.   11/30/2022   TA 418.9.C6 Ale 745949 11/30/2022 11/30/2022 MONOGRAPH